| 000 | 00371nam a2200157Ia 4500 | ||
|---|---|---|---|
| 008 | 160316s1969 xxu||||| |||| 00| 0 eng d | ||
| 082 |
_a346.066000 _bRAM |
||
| 100 | _aRamaiah A | ||
| 245 | _aA guide to company act | ||
| 250 | _a | ||
| 260 |
_aMadras _bMadras Law Journal Office _c1969 |
||
| 300 |
_a1216 _b _c |
||
| 365 | _b | ||
| 650 | _a1. Company Law | ||
| 700 |
_a _a |
||
| 999 |
_c3403 _d3403 |
||